000 00727cam a22002413a 4500
001 30269
003 PGUSA
005 20140828083644.0
008 091016s2009||||xxu|||||s|||||000 | eng d
040 _aPGUSA
_beng
042 _adc
050 4 _aPJ
100 1 _aMüller, F. Max
_q(Friedrich Max),
_d1823-1900
245 1 0 _aMy Autobiography :
_bA Fragment
_h[electronic resource] /
_cF. Max Müller
260 _bProject Gutenberg,
_c2009
506 _aPublic domain in the USA.
516 _aElectronic text
653 _aAsianists -- Germany -- Biography
653 _aMüller, F. Max (Friedrich Max), 1823-1900
830 0 _aProject Gutenberg
_v30269
856 4 0 _uhttp://www.gutenberg.org/ebooks/30269
942 _cEB
999 _c259524
_d259524